ATP Finals 2010 - Singolare - Statistics

Statistiche generali
  • Questo quiz è stato fatto 7 volte
  • Il punteggio medio è 6 su 8
Statistiche sulle risposte
Nazione Risultato Tennista % Corretto
Regno Unito Semifinale Andy Murray
100%
Serbia Semifinale Novak Djokovic
100%
Spagna Finale Rafael Nadal
100%
Svizzera Campione Roger Federer
100%
Spagna Round robin David Ferrer
86%
Repubblica Ceca Round robin Tomáš Berdych
57%
Regno Unito Round robin Andy Roddick
14%
Svezia Round robin Robin Söderling
14%
Nessun quiz corrispondente trovato
Distribuzione punteggi
Percentuale di utenti per punteggio
Percentile per numero di risposta
I tuoi punteggi nel tempo
Non hai fatto questo quiz